000 00479nam a2200193Ia 4500
008 151121s9999||||xx |||||||||||||| ||und||
082 _a510/Per
082 _bHNW-54696
100 _aPerelman Y।
245 _aMatheinatics can be fun
260 _b"MIR Publishers, Moscow।"
260 _c--
300 _a400
600 _aPerelman Y।
630 _aMatheinatics can be fun
700 _aPerelman Y।
730 _aMatheinatics can be fun
942 _cBOOK
999 _c1237876
_d1237873